<The> capital asset pricing model in the 21st century analytical, empirical, and behavioral perspectives

Gespeichert in:
Bibliographische Detailangaben
1. Verfasser: Levy, Haim
Format: Buch
Sprache:Englisch
Veröffentlicht: Cambridge Cambridge University Press 2012
Schlagworte:
Tags: Tag hinzufügen
Keine Tags, Fügen Sie das erste Tag hinzu!

MARC

LEADER 00000nam a2200000 4500
001 0191575
005 20240312115454.3
020 |a 978-0-521-18651-3 
020 |a 978-1-107-00671-3 
041 0 |a eng 
044 |a GB 
245 1 0 |a <The> capital asset pricing model in the 21st century  |b analytical, empirical, and behavioral perspectives  |c Haim Levy 
264 1 |a Cambridge  |b Cambridge University Press  |c 2012 
300 |a 442 s. 
610 2 0 |a kapitál 
610 2 0 |a aktíva 
610 2 0 |a oceňovanie 
610 2 0 |a teória finančná 
610 2 0 |a modely ekonometrické 
610 2 0 |a CAPM 
100 1 |a Levy, Haim